[Event "USCF (Railway) Challenge"]
[Site "Limoges"]
[Date "2016.04.20"]
[Round "3"]
[White "Eichmann, Yannick"]
[Black "Nefzaoui, Rabah"]
[Result "1-0"]
[WhiteElo "1596"]
[BlackElo "1790"]
[PlyCount "77"]
[EventDate "2016.04.20"]
[EventType "swiss"]
[EventRounds "3"]
[EventCountry "FRA"]
[SourceTitle "EXT 2019"]
[Source "ChessBase"]
[SourceDate "2018.10.10"]
[SourceVersion "1"]
[SourceVersionDate "2018.10.10"]
[SourceQuality "1"]

1. e4 c5 2. Nf3 d6 3. d4 cxd4 4. Nxd4 Bd7 5. Nc3 Nc6 6. Be3 Nf6 7. f3 g6 8. Qd2 Bg7 9. g4 a6 10. Bc4 Rc8 11. Bb3 Na5 12. 0-0-0 Nc4 13. Bxc4 Rxc4 14. h4 Qc8 15. Kb1 h6 16. Bxh6 Nxe4 17. Nxe4 Rxd4 18. Qe3 Rxd1+ 19. Rxd1 Bxh6 20. g5 Be6 21. gxh6 Qc6 22. b3 Kf8 23. Qf4 Bf5 24. Rd3 Bxe4 25. fxe4 Qc5 26. e5 Kg8 27. exd6 exd6 28. Rxd6 Rxh6 29. Qf6 Qxd6 30. Qxd6 Kg7 31. Qe5+ Kf8 32. Qf6 Rh5 33. a4 Rf5 34. Qb6 Rh5 35. Qxb7 Rxh4 36. Qxa6 Kg7 37. Qd6 g5 38. a5 g4 39. a6 1-0